Statistics for Famous Signatures #1

Click here to take the quiz!

General Stats

  • This quiz has been taken 57 times
  • The average score is 11 of 15

Answer Stats

Answer % Correct
Lee Harvey Oswald
98%
Rosa Parks
98%
Malcolm X
96%
Elvis Presley
94%
Charles Darwin
92%
Adolf Hitler
85%
Marilyn Monroe
83%
William Shakespeare
83%
Oliver Hardy
81%
Humphrey Bogart
79%
George Washington
60%
Leonardo da Vinci
57%
Che Guevara
53%
Winston Churchill
38%
Simon Bolivar
8%

Score Distribution

Percentile by Number Answered

Percent of People with Each Score

Your Score History

You have not taken this quiz